000 00471nam a2200181Ia 4500
008 151202s9999||||xx |||||||||||||| ||und||
082 _bPNVM-19087
100 _aगोखले अरविंद.
245 _aअभोगी.
260 _b---
260 _c0
300 _a0
600 _aगोखले अरविंद.
630 _aअभोगी.
700 _aगोखले अरविंद.
730 _aअभोगी.
942 _cBOOK
999 _c1285071
_d1285068